| 000 | 00773nam a2200253Ia 4500 | ||
|---|---|---|---|
| 003 | OSt | ||
| 005 | 20220927110125.0 | ||
| 006 | a|||||r|||| 00| 0 | ||
| 007 | ta | ||
| 008 | 220926b |||||||| |||| 00| 0 eng d | ||
| 024 | _a108234 | ||
| 037 | _cReference Collections | ||
| 040 |
_aRTL _cRTL _beng |
||
| 041 |
_2eng _aeng |
||
| 082 | _a"X9(L:5), M1" | ||
| 111 |
_aWorld Congress On Health Economics (1980 : Leiden) _9375981 |
||
| 245 | 0 |
_aProceeding _b" Health, economics and health economic" |
|
| 260 |
_aAmsterdam _bNorth Holland _c1981 |
||
| 300 |
_a400p. bIB P. 369-92 _ccm. |
||
| 490 | _aContributions To Economic Analysis. 37 | ||
| 650 |
_aHealth Economics _9375982 |
||
| 942 |
_h"X9(L:5), M1" _cCC |
||
| 999 |
_c695420 _d695420 |
||